Statistiques concernant Modérateurs Geometry Dash (2020)

Cliquez ici pour prendre le quiz!

Statistiques générales

  • Ce quiz a été pris 35 fois
  • Le résultat moyen est 17 sur 78

Statistiques - réponses

HintRéponse% Correct
GODRobTop
90%
EMViPriN
90%
Mf3lixsram
45%
MDarwin
40%
Mmulpan
40%
MAlex1304
35%
Mdanolex
35%
MKrmaL
35%
MPartition
35%
Mcrohn44
30%
MMichigun
30%
MMrLorenzo
30%
EMPauze
30%
EMRustam
30%
MSerponge
30%
EMSirHadoken
30%
MTheRealDorami
30%
MThomartin
30%
MAutoNick
25%
EMFillipsmen
25%
MHyenada
25%
EMHyperFlame
25%
MMazl
25%
EMPrism
25%
EMshaggy23
25%
EMXaro
25%
MYakimaru
25%
Malkali
20%
EMBerkoo
20%
MChaSe
20%
MCodex
20%
MDankTheory
20%
MDiamondgirl01
20%
MEdge
20%
MhaoN
20%
MJghost217
20%
MLemons
20%
MNico99
20%
MOSIRIS GD
20%
MPlatnuu
20%
EMSharkarie
20%
MTob24
20%
MUsermatt18
20%
MBoyoftheCones
15%
MCirtrax
15%
MEchonox
15%
EMEnlex
15%
MFault
15%
MFerdefunky
15%
Mgenericqueso
15%
MIZHAR
15%
MKeiAs
15%
MKnobbelboy
15%
MLmAnubis
15%
EMloserchik67
15%
MPan
15%
MPeton
15%
MPiseto
15%
MRyanAB
15%
MSpu7Nix
15%
MxKR1T1K4L
15%
Mballi
10%
MHyenaedon
10%
MJovc
10%
MKingTony
10%
Mmbed
10%
Mnasgubb
10%
MNemphis
10%
Mrafer
10%
MSkitten
10%
MSubw00fer
10%
MDisp
5%
MDudex
5%
MErdyuri
5%
MFunnyGame
5%
MGalzo
5%
MQuiken
5%
MTerron
5%

Distribution des résultats

Percentile par nombre de réponses

% des personnes avec chaque résultat

Votre développement - résultats

Vous n’avez pas pris ce quiz